00687nam a2200217Ia 4500003000400000005001700004008004100021020001500062040001800077041000800095082002000103100002000123245007300143250001200216260004900228300002800277650004300305650006400348650003400412700002300446OSt20220204154109.0210716s2002 xx 000 0 und d a8172249926 cAIMIT LIBRARY aeng a658.4 21bHARO aHarris, O Jeff. aOrganizational behavior /cBy Harris, O. Jeff and Hartman, Sandra J. a1st ed. aNew Delhi :bJaico Publishing House ,c2002. aXvii, 478p. ;c21.5 cm. aCommunicating concepts and information aPlanned and unplanned change and organizational development aPerception and the individual aHartman, Sandra J.